| 000 | 00582nam a2200181Ia 4500 | ||
|---|---|---|---|
| 008 | 130821s1935 xxu gr eng | ||
| 040 |
_aCo-BoUCM _bspa |
||
| 041 | _aeng | ||
| 100 |
_aSutton, Margaret _9109992 |
||
| 245 |
_aThe voice in the suitcase _cMargaret Sutton |
||
| 260 |
_aNueva York (Estados Unidos) _bGrosset Dunlop _c1935 |
||
| 300 | _a215 páginas | ||
| 490 | _aJudy Bolton mystery | ||
| 650 | 0 | 4 |
_aLiteratura estadounidense _918653 |
| 650 | 0 | 4 |
_aNovela estadounidense _920501 |
| 942 |
_cLIBRO _a18 _e1 _mS87v _2DEWEY _h813.5 _n0 |
||
| 999 |
_c5566 _d5566 |
||